000 00447pab a2200157 454500
008 180718b2005 xxu||||| |||| 00| 0 eng d
100 _aDawisha, Adeed
245 _aThe prospects for democracy in Iraq: challenges and opportunities
260 _c2005
300 _ap.723-37.
650 _aDemocracy - Iraq
650 _aIraq - Politics and government
650 _aPolitics and government
773 _aThird World Quarterly
909 _a65970
999 _c65970
_d65970